[Event "TUR-chT2"]
[Site "Konya"]
[Date "2018.07.12"]
[Round "4.16"]
[White "Korucu, Ahmet Efe"]
[Black "Dincer, Efe Barkin"]
[Result "1-0"]
[WhiteElo "1253"]
[BlackElo "1362"]
[PlyCount "139"]
[EventDate "2018.07.10"]
[EventType "team-swiss"]
[EventRounds "9"]
[EventCountry "TUR"]
[SourceTitle "EXT 2019"]
[Source "ChessBase"]
[SourceDate "2018.10.10"]
[SourceVersion "1"]
[SourceVersionDate "2018.10.10"]
[SourceQuality "1"]
[WhiteTeam "Polatli Belediyesi"]
[BlackTeam "Aydin Zeybek"]
[WhiteTeamCountry "TUR"]
[BlackTeamCountry "TUR"]

1. e4 e6 2. d4 d5 3. e5 c5 4. c3 Nc6 5. Nf3 Qb6 6. Na3 cxd4 7. cxd4 Bb4+ 8. Bd2 Nxd4 9. Nxd4 Qxd4 10. Qa4+ Bd7 11. Qxb4 Qxe5+ 12. Be3 Ne7 13. Bb5 Nc6 14. Bxc6 bxc6 15. 0-0 Kd8 16. Bf4 Qf6 17. Bd6 a5 18. Qb6+ Ke8 19. Rfe1 Qg5 20. f4 Qd8 21. Qd4 f6 22. Nc2 Kf7 23. Ne3 Bc8 24. Qc5 Qd7 25. Nf5 Re8 26. Nd4 Bb7 27. Qa3 Rac8 28. Rac1 Rcd8 29. Bc5 e5 30. fxe5 fxe5 31. Nf5 Kg8 32. Qh3 g6 33. Nd6 Qxh3 34. gxh3 Re7 35. Ne4 Rf7 36. Nd6 Rfd7 37. Rxe5 Rxd6 38. Bxd6 Rxd6 39. Rce1 Rd7 40. Re7 Rxe7 41. Rxe7 Ba6 42. Rd7 a4 43. Kf2 Bc4 44. a3 Bb5 45. Ke3 Bc4 46. Kd4 Bb5 47. Kc5 h5 48. h4 Kf8 49. Rh7 Kg8 50. Rb7 Ba6 51. Rb6 Bc4 52. Rxc6 Kf7 53. Kb4 Bb3 54. Rd6 Kg7 55. Rb6 Bc2 56. Kc5 Be4 57. Rb4 Bc2 58. Kxd5 Kf6 59. Rf4+ Kg7 60. Kd4 Kh6 61. Kc3 Bb3 62. Rb4 Bd1 63. b3 axb3 64. Rxb3 g5 65. Rb6+ Kg7 66. hxg5 Bg4 67. a4 Bd7 68. a5 Bc8 69. a6 Bxa6 70. Rxa6 1-0